000 00580nam a2200229Ia 4500
003 OSt
005 20220918195531.0
006 a|||||r|||| 00| 0
007 ta
008 220917b |||||||| |||| 00| 0 eng d
024 _a85,250
037 _cTextual
040 _aARTS
_cARTS
_beng
041 _2eng
_aeng
082 _aT:3(P), K3
100 _aGray W S
_990553
245 0 _aTeaching of reading and writing
_b an international survey
260 _c1963
650 _aTEACHING
_934578
942 _hT:3(P), K3
_cTEXL
_2CC
999 _c208963
_d208963